000 00832nam a2200193Ia 4500
001 14141
003 GE_BSU
008 181216s||||||||xx |||||||||||||| ||und||
040 _cGE_BSU
245 _aაუდიტი,აღრიცხვა,ფინანსები. №12(180) 2014.
245 _bყოველთვიური ჟურნალი მეწარმეებისა და ფინანსისტებისათვის
245 _cგენ.დირ.ფრიდონ ალშიბაია,მთ.რედ.გიორგი ცერცვაძე.
260 _aთბილისი
260 _c2014
300 _a60გვ.30სმ.
653 _aაუდიტი,აღრიცხვა,ფინანსები
653 _aპერიოდიკა
942 _cCR
999 _c47281
_d47281